000
00341nam a2200133Ia 4500
008
190722s9999 xx 000 0 und d
020
_a
978-93-5129-794-9
100
_a
Denise R.Ferrier
245
0
_a
Lippincott Illustrated Reviews Biochemistry
250
_a
7th
260
_a
India
_b
Wolters Kluwer
_c
2017
300
_a
567
942
_c
BK
999
_c
1097
_d
1097